Scottish Government review of the private rented sector (Record no. 109416)

MARC details
000 -LEADER
fixed length control field 01858cad a22002775a 4500
001 - CONTROL NUMBER
control field E147034
008 - FIXED-LENGTH DATA ELEMENTS--GENERAL INFORMATION
fixed length control field 090324s2009 xxk f s000 0 eng d
020 ## - INTERNATIONAL STANDARD BOOK NUMBER
International Standard Book Number 9780755974566
022 1# - INTERNATIONAL STANDARD SERIAL NUMBER
International Standard Serial Number 0950-2254
035 ## - SYSTEM CONTROL NUMBER
System control number (Sirsi) u147034
041 0# - LANGUAGE CODE
Language code of text/sound track or separate title eng
050 04 - LIBRARY OF CONGRESS CALL NUMBER
Classification number 346.4104342 $2 18
100 2# - MAIN ENTRY--PERSONAL NAME
Personal name Crook, A. D. H.
Titles and words associated with a name Prof
245 00 - TITLE STATEMENT
Title Scottish Government review of the private rented sector
Remainder of title volume 3, views and experiences of landlords in the private rented sector in Scotland
Medium [electronic resource]
260 ## - PUBLICATION, DISTRIBUTION, ETC.
Place of publication, distribution, etc. Edinburgh
Name of publisher, distributor, etc. Scottish Government
Date of publication, distribution, etc. 2009
505 2# - FORMATTED CONTENTS NOTE
Formatted contents note Acknowledgements -- Executive summary -- Introduction: aim, objectives and methods -- The policy and market environment -- Acquiring and managing dwelling portfolios -- Lettings -- Letting preferences -- Attitudes to letting -- Advice, training and professional bodies -- Rates of return -- Future intentions -- Findings from the focus group -- Summary and conclusions -- References -- Technical appendix
520 ## - SUMMARY, ETC.
Summary, etc. Presents the results of research into the opinions, understanding and experiences of private sector landlords. The research is part of a wider review, which was aimed at: undertaking a general stock take of the sector; examining the role which the sector plays in housing those on low incomes and benefits; and looking at good practice in relation to local authorities and their contact with the private rented sector. For other publications in this series, see E147029, E147032, E147035 and E147036.
521 ## - TARGET AUDIENCE NOTE
Target audience note Advanced
590 ## - LOCAL NOTE (RLIN)
Local note KA
651 #4 - SUBJECT ADDED ENTRY--GEOGRAPHIC NAME
Geographic name Scotland
Chronological subdivision 1999-
690 ## - LOCAL SUBJECT ADDED ENTRY--TOPICAL TERM (OCLC, RLIN)
Topical term or geographic name as entry element PROPERTY-RESIDENTIAL PROPERTY-RESIDENTIAL LANDLORD AND TENANT
700 1# - ADDED ENTRY--PERSONAL NAME
Personal name Ferrari, Ed
Titles and other words associated with a name Dr
700 1# - ADDED ENTRY--PERSONAL NAME
Personal name Kemp, Peter A.
Titles and other words associated with a name Prof
856 40 - ELECTRONIC LOCATION AND ACCESS
Uniform Resource Identifier <a href="https://www.scotland.gov.uk/Publications/2009/03/23153402/0">https://www.scotland.gov.uk/Publications/2009/03/23153402/0</a>
Public note View the report free of charge at www.scotland.gov.uk...
942 ## - ADDED ENTRY ELEMENTS (KOHA)
Suppress in OPAC 0
Holdings
Withdrawn status Lost status Source of classification or shelving scheme Damaged status Not for loan Home library Current library Shelving location Date acquired Total Checkouts Full call number Barcode Date last seen Copy number Price effective from Koha item type
    Dewey Decimal Classification     Virtual Virtual Online 24/03/2009   ONLINE PUBLICATION 147034-2001 06/08/2019 1 06/08/2019 Book